=LDR 00000nam 2200000 4500 =001 INLIS000000000019145 =005 20130612114238 =008 ***********************************Ind** =035 ##$$0010-061300000019145 =041 ##$$a Ind =082 ##$$a 823 =090 ##$$a 823, Ste k =100 ##$$a Stevenson, R.L =245 ##$$a Kidnapped, Robert Louis Steventon =260 ##$$a 1982 $b London =300 ##$$a 319 hlm, 21 cm =650 ##$$a Fiksi Inggris =850 ##$$a NBPNMAT